000 00224 a2200097 4500
001 24498
100 _aPrzemieniecki, J S
245 _aTheory of Structural analysis
260 _a
_bMcGraw-Hill
_c1968
090 _c16551
_d16551
942 _aNUST-CAE
_cM
_c7282
999 _c259571
_d259571